| 000 | 01543nam a2200265Ia 4500 | ||
|---|---|---|---|
| 003 | Ost | ||
| 005 | 20260507075144.0 | ||
| 008 | 260507s9999||||xx |||||||||||||| ||und|| | ||
| 020 | _a77364999579 | ||
| 040 | _cfsecg | ||
| 041 | _aara | ||
| 082 | _a330 | ||
| 100 |
_aالقريشي، محمد صالح _eمؤلف |
||
| 245 | 0 |
_aاقتصاديات النقود و البنوك و المؤسسات المالية / _c محمد صالح القريشي |
|
| 260 |
_aعمان: _bاثراء للنشر, _c2008 |
||
| 300 |
_a328 صفحة؛ _bإيضاحات ؛ _c24 سم |
||
| 504 | _aالمراجع ص.323 | ||
| 520 | _aالنقود والإقتصاد القومي- شركة الصيرفة وإدارة المؤسسات المالية- عرض النقود والطلب على النقود- النظرية النقدية- المؤسسات المالية- الوساطة المالية، التطور والآلية- التحليل الإقتصادي للهيكل المالي- الصيرفة المركزية- النظام المالي - معدلات سعر الفائدة والقياس والهيكل والخطر- التوقعات العقلانية والأسواق المالية- خصائص وهيكل الصيرفة الدولية- الإبتكار المالي والأدوات المالية- النقود والتضخم | ||
| 653 | _aالإقتصاد المالي | ||
| 653 | _aالبنوك | ||
| 653 | _aالمؤسسات المالية | ||
| 653 | _aالنقود | ||
| 653 | _aالنقود والبنوك | ||
| 942 | _cكتاب | ||
| 999 |
_c43311 _d43311 |
||